The Earlier the Better: History Quiz Stats

 Plays Quiz Updated Jan 20, 2017

Challenge
Share
Tweet
Embed
Score 0/48 Timer 08:00
0 Plays Today
# Clue/Answer % Correct
Go ->???
96.6%
Go ->???
87.1%
5.???
80.8%
4.???
73.2%
Go ->???
71.4%
Go ->???
69.1%
Go ->???
63%
3.???
61.8%
10.???
59.8%
15.???
58.3%
Go ->???
57%
9.???
56.5%
Go ->???
56.5%
14.???
56.5%
20.???
56.1%
Go ->???
55.2%
13.???
54.1%
2.???
53.8%
19.???
53.6%
18.???
52.3%
8.???
48.6%
35.???
47.9%
12.???
47.3%
17.???
45.2%
# Clue/Answer % Correct
30.???
41.8%
7.???
38.2%
11.???
34.9%
29.???
34.7%
25.???
32.4%
16.???
32.3%
24.???
32.2%
23.???
31%
34.???
30%
22.???
28.3%
1.???
23.3%
28.???
21.7%
21.???
21.6%
6.???
21.2%
33.???
20.4%
27.???
16.8%
32.???
15.9%
40.???
12.6%
31.???
11.9%
39.???
11.6%
26.???
10.4%
38.???
9.1%
37.???
5.6%
36.???
2.8%

You're not logged in!

Compare scores with friends on all Sporcle quizzes.
Join for Free
OR
Log In

You Might Also Like...

Show Comments

Extras

Top Quizzes Today


Score Distribution

Your Account Isn't Verified!

In order to create a playlist on Sporcle, you need to verify the email address you used during registration. Go to your Sporcle Settings to finish the process.

Report this User

Report this user for behavior that violates our Community Guidelines.

Details: